000
00321nam a22001337a 4500
008
170428b xxu||||| |||| 00| 0 eng d
020
_a
9780873678544
041
_a
eng
080
_a
342
100
_a
13
101
_a
SHJ
245
_a
PUBLIC EDUCATION DEMOCRACY AND THE COMMON GOOD
_c
WALLING.D.R
942
_2
udc
_c
BK
999
_c
12299
_d
12299